| 000 | 00651nam a2200241Ia 4500 | ||
|---|---|---|---|
| 003 | OSt | ||
| 005 | 20220928113137.0 | ||
| 006 | a|||||r|||| 00| 0 | ||
| 007 | ta | ||
| 008 | 220927b |||||||| |||| 00| 0 eng d | ||
| 024 | _a50200 | ||
| 037 | _cTextual | ||
| 040 |
_aSDCL _cSDCL _beng |
||
| 041 |
_2eng _aeng |
||
| 082 | _aXM8:8F, P8 | ||
| 100 | _aMonga J R | ||
| 245 | 0 |
_aFundamentals of corporate accounting _bText |
|
| 260 |
_aNoida _bMayur Paperbacks _c2008 |
||
| 300 |
_avarious pagination _ccm. |
||
| 650 |
_aCorporate Accounting _9431695 |
||
| 942 |
_hXM8:8F, P8 _cTEXL _2CC |
||
| 999 |
_c748223 _d748223 |
||